000 00580nam a22001577a 4500
003 OSt
005 20150914144233.0
008 150914b xxu||||| |||| 00| 0 eng d
040 _cRUA
082 _aAGR MOK 1999 B026 Or.1
100 _9460
_aMOK, ORA.
245 _aTeacher field school on integrated pest management (IPM) សាលារៀនវិធានការចំរុះថែទាំដំណាំសម្រាប់គ្រូបង្រៀន ចំណេះទូទៅ
260 _aPhnom Penh
_bRUA
_c1999
300 _a54p.
_bill.
_c29cm.
942 _2ddc
_cAGR
999 _c439
_d439